Online
Catalog

Human societies; : (Record no. 14455)

MARC details
000 -CABECERA
campo de control de longitud fija 00692nam a2200217 4500
001 - NÚMERO DE CONTROL
campo de control 000014875
005 - FECHA Y HORA DE LA ÚLTIMA TRANSACCIÓN
campo de control 20200929163921.0
008 - DATOS DE LONGITUD FIJA--INFORMACIÓN GENERAL
campo de control de longitud fija 700416s1970 nyua b 001 0 eng
010 ## - NÚMERO DE CONTROL DE LA BIBLIOTECA DEL CONGRESO
Número de control de LC 73100804
040 ## - FUENTE DE LA CATALOGACIÓN
Centro catalogador/agencia de origen DO-SdBNP
Centro/agencia transcriptor DLC
Centro/agencia modificador DLC
050 00 - SIGNATURA TOPOGRÁFICA DE LA BIBLIOTECA DEL CONGRESO
Número de clasificación HM51
Número de documento/Ítem .L57
082 00 - NÚMERO DE LA CLASIFICACIÓN DECIMAL DEWEY
Número de clasificación 301
100 1# - ENTRADA PRINCIPAL--NOMBRE DE PERSONA
Nombre de persona Lenski, Gerhard Emmanuel,
Fechas asociadas al nombre 1924-
9 (RLIN) 33696
245 10 - MENCIÓN DE TÍTULO
Título Human societies; :
Resto del título a macrolevel introduction to sociology /
Mención de responsabilidad, etc. [by] Gerhard Lenski.
260 ## - PUBLICACIÓN, DISTRIBUCIÓN, ETC.
Lugar de publicación, distribución, etc. New York, :
Nombre del editor, distribuidor, etc. McGraw-Hill,
Fecha de publicación, distribución, etc. [1970].
300 ## - DESCRIPCIÓN FÍSICA
Extensión xv, 525 p. :
Otras características físicas illus. ;
Dimensiones 24 cm.
504 ## - NOTA DE BIBLIOGRAFÍA, ETC.
Nota de bibliografía, etc. Includes bibliographical references.
650 #0 - PUNTO DE ACCESO ADICIONAL DE MATERIA--TÉRMINO DE MATERIA
Término de materia o nombre geográfico como elemento de entrada Sociology.
9 (RLIN) 33697
650 #0 - PUNTO DE ACCESO ADICIONAL DE MATERIA--TÉRMINO DE MATERIA
Término de materia o nombre geográfico como elemento de entrada Social evolution.
9 (RLIN) 33698
910 ## - DATOS DE OPCIÓN DEL USUARIO (OCLC)
Datos de opción del usuario Catalogación por copia / LC
Holdings
Estado de retiro Estado de pérdida Restricciones de uso No para préstamo Código de colección Localización permanente Ubicación/localización actual Ubicación en estantería Fecha de adquisición Número de inventario Total de préstamos Signatura topográfica completa Código de barras Fecha visto por última vez Precio válido a partir de Tipo de ítem Koha
      Excluido de préstamo Monografías: Libros y Folletos General General En catalogación 26.01.2010 LF1   301 14875-10 25.06.2020 25.06.2020 No se presta

Powered by Koha